Estatutos de la Caja de Pensiones de los funcionarios de la Excma. Diputación Provincial de Barcelona
Descripción Física:
18 p. ; 21 cm
MARC
| LEADER | 00000nam a2200000Ia 4500 | ||
|---|---|---|---|
| 001 | 15509 | ||
| 008 | 160829s1927 xx 000 0 cat d | ||
| 080 | |a RF-12-19 | ||
| 110 | 2 | |a Caixa de Pensions per a la Vellesa i d'Estalvis de Catalunya i Balears |9 54857 | |
| 245 | |a Estatutos de la Caja de Pensiones de los funcionarios de la Excma. Diputación Provincial de Barcelona | ||
| 260 | |a Barcelona : |b Impr. de la Casa P. de Caridad, |c 1927 | ||
| 300 | |a 18 p. ; |c 21 cm | ||
| 610 | 1 | 0 | |a Barcelona (Catalunya : Província). |b Diputació |x Funcionaris i empleats |9 54684 |
| 650 | |a Caixa de Pensions |x Estatuts |9 38909 | ||
| 856 | 4 | |u https://media.diba.cat/diba/fitxers/arxiu/fulletons/bib_15509_1927_baixa.pdf |y Accés lliure | |
| 856 | 4 | |u https://media.diba.cat/diba/fitxers/arxiu/fulletons/bib_15509_1927_baixa.pdf |y Accés lliure | |
| 901 | |a Arxiu | ||
| 942 | |n 1 |2 udc | ||
| 952 | |0 0 |1 0 |4 0 |6 RF1219 |7 1 |9 48780 |a Arxiu |b Arxiu |d 2016-12-01 |l 0 |o RF-12-19 |p 15509 |r 2016-12-01 00:00:00 |w 2016-12-01 |y ARXIU | ||
| 999 | |c 52611 |d 52611 | ||
| 900 | |a bib_15509_1927_baixa.pdf | ||